Analýza poistenia cestovných kancelárií v komerčných poisťovniach bakalárska práca

Saved in:
Bibliographic Details
Main Author: Palková, Zuzana
Corporate Author: Národohospodárska fakulta EU. Katedra poisťovníctva
Other Authors: Snopková, Andrea, 1987-
Format: Book
Language:Slovak
Published: Bratislava 2021
Tags: Add Tag
No Tags, Be the first to tag this record!

MARC

LEADER 00000nbm a2200000 4500
001 0275178
005 20220104132706.4
041 0 |a slo 
044 |a SK 
245 1 0 |a Analýza poistenia cestovných kancelárií v komerčných poisťovniach  |b bakalárska práca  |c Zuzana Palková ; školiteľ: Andrea Snopková 
264 1 |a Bratislava  |c 2021 
300 |a 51 s. 
100 1 |a Palková, Zuzana 
700 1 |a Snopková, Andrea, 1987- 
710 2 |a Národohospodárska fakulta EU. Katedra poisťovníctva